Normal view
MARC view
- Zucker, Richard
Entry Personal Name
001 - CONTROL NUMBER
- control field: 96251
003 - CONTROL NUMBER IDENTIFIER
- control field: NUST
005 - DATE AND TIME OF LATEST TRANSACTION
- control field: 20220802122813.0
008 - FIXED-LENGTH DATA ELEMENTS
- fixed length control field: 220802|| aca||aabn | a|a d
040 ## - CATALOGING SOURCE
- Original cataloging agency: NUST
- Transcribing agency: NUST
100 ## - HEADING--PERSONAL NAME
- Personal name: Zucker, Richard
670 ## - SOURCE DATA FOUND
- Source citation: Work cat.: (NUST)176503: Dachslager, Howard. 96248, Learning BASIC programming :, c1983.
